各种知识 #2 General knowledge - Statistics

General Stats
  • This quiz has been taken 72 times
  • The average score is 7 of 20
Answer Stats
出题者 问题 答案 % Correct
CNY 太阳系的八大行星中,体积和质量都居于首位的是哪个? 木星
85%
月即别 “上上下下左右左右BABA”代码最早出自哪个游戏? 《魂斗罗》
58%
pcktrsss 回音壁和圜丘在哪个公园景区里 天坛
55%
pcktrsss 日语中的手紙(てがみ)指的是中文的什么
55%
pcktrsss 香港歌手王菲出生于哪里 北京
54%
TMDDS 2022年7月8日刺杀日本前首相安倍晋三的人是 山上彻也
52%
pcktrsss 2015年,上海哪个区和静安区合并为了新静安区 闸北
51%
TMDDS 中国传统乐器瑟有多少根弦? 25
51%
TMDDS 天主教现任教宗方济各出生于哪个国家? 阿根廷
49%
CNY 国际天文学联合会将整个天空划分为多少个星座? 88个
30%
pcktrsss 唯一一个会说中文的美国总统是谁 胡佛
28%
TMDDS 李自成的年号是 永昌
19%
pcktrsss 爱情公寓中,关谷神奇的父亲叫什么名字 关谷健次郎
18%
pcktrsss 在神奇宝贝中,皮卡丘用过最多次的钢属性招式是什么 铁尾
16%
suido 中国传统乐器古筝上颜色不为白色的琴弦是 5(sol/G)
15%
TMDDS 唐代二王八司马事件(又称永贞革新)中的二王指的是(答出其一即可) 王叔文/王伾
7%
月即别 香港历史上划分九龙和新界的道路名称是什么 界限街
7%
pcktrsss 新加坡第二大的民用机场是什么 实里达机场
6%
pcktrsss 杭州地铁中,3号线、5号线等使用的杭州特色车型是什么 AH
6%
月即别 抗战胜利后代表中国在汉口中山公园接受日军投降的将军是谁? 孙蔚如
1%
No matching quizzes found
Score Distribution
Percent of People with Each Score
Percentile by Number Answered
Your Score History
You have not taken this quiz